Rodina, delikventná mládež a sociálna práca
Sociálnopatologické prejavy mládeže sú stredobodom záujmu nielen odborníkov, ale celej verejnosti. Vytváranie komplexu spoločenských podmienok, ktoré by pôsobili proti vzniku spoločenskej negácie. Hlavná výchovná úloha v rodine. Nárast počtu problémových rodín. Úloha sociálnych pracovníkov a oddelen...
Gespeichert in:
| 1. Verfasser: | |
|---|---|
| Format: | Buchkapitel |
| Sprache: | Slowakisch |
| Schlagworte: | |
| Tags: |
Keine Tags, Fügen Sie das erste Tag hinzu!
|
MARC
| LEADER | 00000naa a2200000 4500 | ||
|---|---|---|---|
| 001 | r026668 | ||
| 005 | 20230807092928.5 | ||
| 041 | 0 | |a slo | |
| 044 | |a SK | ||
| 245 | 1 | 0 | |a Rodina, delikventná mládež a sociálna práca |c Alena Krausová |
| 520 | |a Sociálnopatologické prejavy mládeže sú stredobodom záujmu nielen odborníkov, ale celej verejnosti. Vytváranie komplexu spoločenských podmienok, ktoré by pôsobili proti vzniku spoločenskej negácie. Hlavná výchovná úloha v rodine. Nárast počtu problémových rodín. Úloha sociálnych pracovníkov a oddelení starostlivosti o rodinu a deti. Preventívna sociálna prevencia. Organizácia prevencie v niekotrých vyspelých krajinách. Prístupy západných demokratických štátov k uskutočňovaniu prevencie. | ||
| 610 | 2 | 0 | |a rodina |
| 610 | 2 | 0 | |a mládež |
| 610 | 2 | 0 | |a výchova |
| 610 | 2 | 0 | |a prevencia |
| 610 | 2 | 0 | |a práca sociálna |
| 610 | 2 | 0 | |a starostlivosť o rodinu |
| 610 | 2 | 0 | |a starostlivosť sociálna |
| 100 | 1 | |a Krausová, Alena | |